Abecedario de Rosalía - Estadísticas

Estadísticas generales
  • Esta prueba ha sido intentada 111 veces
  • La puntuación promedio es 27 de 41
Estadísticas de respuestas
LETRA RESPUESTA % Correcto
M MOTOMAMI
94%
MOTOMAMI
94%
MOTOMAMI
94%
MOTOMAMI
94%
MOTOMAMI
94%
A ALFA
79%
C COQUETA
79%
ZORRA
79%
ALTURA
78%
B BANDIDA
74%
EMPERATRIZ
71%
D DINAMITA
70%
R RACINETA
70%
RACINETA
70%
RACINETA
70%
RANGO
68%
RANGO
68%
ALIEN
66%
H HONDURA
66%
J JINETA
66%
N NI SE TE OCURRA NI PENSARLO
66%
G GUAPA
65%
Q QUE REINONA
63%
S SATA
63%
Z ZARZAMORA
63%
ENTERADA
61%
P PATRONA
60%
T TITANICA
60%
ENIGMA
59%
I INTELIGENCIA ARTIFICIAL
58%
E EXPENSIVA
56%
O ORQUIDEA
53%
W WILLY COLON
51%
X TE DESPEJO LA X EN UN MOMENTO
48%
V VENDETA
48%
WINTERFALL
48%
U ULTRASONIDOS
45%
ZAPATEAO
45%
YANTAS
43%
Y YENES
41%
F FLUXAEON
33%
No se encontraron pruebas coincidentes
Distribución de puntuación
Porcentaje de gente con cada puntuación
Porcentaje por número respondido
Historial de tus puntuaciones
No has intentado esta prueba.